000 00617nam a2200229Ia 4500
003 OSt
005 20220924152636.0
006 a|||||r|||| 00| 0
007 ta
008 220923b |||||||| |||| 00| 0 urd d
024 _a343525
037 _cTextual
040 _aARTS
_cARTS
_burd
041 _2urd
_aurd
082 _aV541.G24<-D710, 168F2
100 _aNaeemurrehman Mohammad Au.
245 0 _aKitab khilafat-e-mohadeen
260 _c1922
650 _aSPAIN - HISTORY
942 _hV541.G24<-D710, 168F2
_cTEXL
_2CC
999 _c470536
_d470536